000 01192 a2200217 4500
003 Nust
005 20220802104742.0
010 _a 97006616
020 _a0124580106 (alk. paper)
040 _cNust
082 0 0 _a620.367,NIN
100 1 _aLu, Ning,
_996223
245 1 0 _aFractal imaging /
_cNing Lu.
260 _aSan Diego :
_bAcademic Press,
_c1997.
300 _axix, 412 p. :
_bill. (some col.) ;
_c24 cm. +
_e1 computer laser optical disc (4 3/4 in.)
505 _aIntroduction (Page-1), Mathematical Foundation (Page-15), Fractal Imaging Model (Page-51), Image Partition (Page-85), Spatial Transforms (Page-113), Brightness and Contrast (Page-139), Clustering Searching (Page-173), Fractal Realization (Page-205), Multiresolution Decomposition (Page-227), images in Motion (Page-259), Color Image (Page-277), Entropy Coding (Page-293), Visual Image Metric (Page-331), Future Image Format (Page-353), Epilogue: It's Real (Page-375).
650 0 _aTelecommunication Engineering.
856 4 2 _3Publisher description
_uhttp://www.loc.gov/catdir/description/els032/97006616.html
856 4 2 _3Table of contents
_uhttp://www.loc.gov/catdir/toc/els032/97006616.html
942 _cREF
_2ddc
999 _c193555
_d193555